000
00322nam a2200109Ia 4500
008
171204s9999 xx 000 0 und d
245
_a
Choosing China's Leaders:
245
_c
Chien-wen Kou and Xiaowei Zang
260
_c
2013
650
_x
Politics and Sociology
856
_u
http://down.ebook777.com/063/9780415819473.pdf
999
_c
345594
_d
345594